Mezőhegyes agrártörténete

Elmentve itt :
Bibliográfiai részletek
Szerző: Borosné Hám Annamária
További közreműködők: Baracs Gabriella (Témavezető)
Dokumentumtípus: Szakdolgozat
Megjelent: 2004
Kulcsszavak:Agrártörténet
Birtokviszonyok
Mezőhegyes
Tárgyszavak:
Online Access:http://diploma.bibl.u-szeged.hu/101395
LEADER 00745nta a2200229 i 4500
001 dipl101395
005 20211126063905.0
008 211109s2004 hu om 0|| hun d
040 |a SZTE Diploma Repozitórium  |b hun 
041 |a hun 
100 2 |a Borosné Hám Annamária 
245 1 0 |a Mezőhegyes agrártörténete  |h [elektronikus dokumentum] /  |c Annamária Borosné Hám 
260 |c 2004 
300 |a 41 
650 4 |a Agrár 
650 4 |a Agricultural sciences 
650 4 |a Agriculture, forestry and fisheries 
695 |a Agrártörténet 
695 |a Birtokviszonyok 
695 |a Mezőhegyes 
700 1 |a Baracs Gabriella  |e ths 
856 4 0 |u http://diploma.bibl.u-szeged.hu/id/eprint/101395/1/2004_borosne_ham_annamaria.pdf  |z Dokumentum-elérés